000 00736nam a22001577a 4500
003 NUST
020 _a978-0-226-430578-7
082 _a808.066378, TUR
100 _aTurabian, Kate L.
_97447
245 _aA Manual for Writers of Research Papers, Theses, and Dissertations:
_bChicago Style for Students and Researchers /
_cKate L. Turabian
_hRevised by Wayne C. Booth, Gregory G. Colomb, Joseph M. Williams, Joseph Bizup, William T. FitzGerald, and the University of Chicago Press Editorial Staff
250 _a9th Edition
260 _aLondon
_b Chicago Press
_c2018
300 _axv, 462: pages
505 _aPart-1: Research and Writing (Page-1), Part-2: Source Citation (Page-137), Part-3: Style (Page-291).
942 _2ddc
_cBK
999 _c592304
_d592304